000 00319nam a2200133Ia 4500
005 20251222141816.0
008 251222s9999||||xx |||||||||||||| ||spa||
020 _a978-987-1021-85-7
082 _a398.209.495/P99
100 _aPytrell, Ariel
245 0 _aAntes del Principio:
264 _bPluma y Papel
942 _cLIB
999 _c6646
_d6646